[Event "chess.com Speed 2020"]
[Site "chess.com INT"]
[Date "2020.11.16"]
[Round "1.12"]
[White "Aronian, Levon"]
[Black "Nepomniachtchi, Ian"]
[Result "0-1"]
[WhiteTitle "GM"]
[BlackTitle "GM"]
[WhiteElo "2781"]
[BlackElo "2784"]
[WhiteFideId "13300474"]
[BlackFideId "4168119"]
[EventDate "2020.11.01"]

1. e4 c5 2. Nf3 d6 3. d4 cxd4 4. Nxd4 Nf6 5. Nc3 a6 6. f3 e5 7. Nb3 Be6 8. Be3
Nc6 9. Qe2 Ne7 10. O-O-O d5 11. exd5 Nexd5 12. Nxd5 Nxd5 13. Kb1 Qc7 14. Bc1 Be7
15. Qe4 Rc8 16. c3 f5 17. Qa4+ Kf7 18. Bd3 Rhd8 19. Qa5 Qc6 20. g4 g6 21. gxf5
gxf5 22. Rhe1 Bf6 23. Bc2 b6 24. Qxa6 Nb4 25. Qf1 Nxc2 26. Kxc2 Qa4 27. Qh3
Rxc3+ 28. Kb1 Ra8 29. Qxh7+ Bg7 30. Qh5+ Kg8 31. Rd8+ Rxd8 32. bxc3 Ra8 33. Re2
Qb5 34. Rb2 Qd3+ 35. Ka1 Qd1 36. Qg5 Bxb3 0-1

[Event "chess.com Speed 2020"]
[Site "chess.com INT"]
[Date "2020.11.16"]
[Round "1.13"]
[White "Nepomniachtchi, Ian"]
[Black "Aronian, Levon"]
[Result "0-1"]
[WhiteTitle "GM"]
[BlackTitle "GM"]
[WhiteElo "2784"]
[BlackElo "2781"]
[WhiteFideId "4168119"]
[BlackFideId "13300474"]
[EventDate "2020.11.01"]

1. b3 Nf6 2. Bb2 g6 3. e4 d6 4. g3 Bg7 5. Bg2 c5 6. Ne2 Nc6 7. O-O O-O 8. d4
cxd4 9. Nxd4 Bg4 10. Ne2 Qc8 11. c4 Bh3 12. Nd2 Bxg2 13. Kxg2 Rd8 14. Rb1 a6 15.
Nf4 e6 16. Qe2 b6 17. Rbc1 Qb7 18. f3 b5 19. Rfd1 Rac8 20. Nd3 Nd7 21. Bxg7 Kxg7
22. Qe3 Nde5 23. Nf2 Qa7 24. Nf1 bxc4 25. f4 Nd3 26. Nxd3 cxd3 27. Rxd3 Qb7 28.
Nd2 d5 29. Nf3 dxe4 30. Qxe4 Rxd3 31. Qxd3 Ne5 32. Qe3 Rxc1 33. Qxe5+ f6 34. Qe3
Rc2+ 35. Kh3 Qd5 36. g4 h6 37. Qa7+ Kf8 38. Qb8+ Ke7 39. Qa7+ Kd8 40. Qe3 g5 41.
fxg5 hxg5 42. Kg3 Qd6+ 43. Kh3 Qc6 44. Kg3 Qc7+ 45. Kh3 Qc3 46. Qe4 Rf2 47. Kg3
Rxa2 48. Qxe6 a5 49. Qg8+ Kc7 50. Qh7+ Kb6 51. Qg8 Qc7+ 52. Kh3 Qd6 53. Qc8 Rf2
54. Qa8 Qc6 55. Qb8+ Ka6 56. Ne1 Rf3+ 0-1

[Event "chess.com Speed 2020"]
[Site "chess.com INT"]
[Date "2020.11.16"]
[Round "1.14"]
[White "Aronian, Levon"]
[Black "Nepomniachtchi, Ian"]
[Result "1-0"]
[WhiteTitle "GM"]
[BlackTitle "GM"]
[WhiteElo "2781"]
[BlackElo "2784"]
[WhiteFideId "13300474"]
[BlackFideId "4168119"]
[EventDate "2020.11.01"]

1. e4 c5 2. Nf3 d6 3. c3 Nf6 4. Be2 g6 5. O-O Bg7 6. d3 O-O 7. Be3 Nc6 8. Nbd2
b5 9. h3 b4 10. d4 Nd7 11. d5 Nce5 12. Nxe5 Nxe5 13. cxb4 cxb4 14. a3 bxa3 15.
Rxa3 a5 16. b4 Bb7 17. b5 f5 18. exf5 gxf5 19. Nf3 Nxf3+ 20. Bxf3 Qd7 21. Bd4
Qxb5 22. Bxg7 Kxg7 23. Qa1+ Kg8 24. Rb1 Qd7 25. Rxa5 Rxa5 26. Qxa5 Rc8 27. Qd2
Rf8 28. Qg5+ Kh8 29. Re1 Rf7 30. h4 Rg7 31. Qf4 Qc8 32. h5 Qc3 33. Rb1 Qc8 34.
h6 Rg6 35. Bh5 e5 36. dxe6 Rxg2+ 37. Kf1 Be4 38. e7 Rg8 39. Qc1 Bd3+ 40. Ke1
Rg1+ 41. Kd2 Rxc1 42. Rxc1 Bc4 43. e8=Q+ Qxe8 44. Bxe8 Be6 45. Bh5 Kg8 46. Rc7
Kf8 47. Rg7 Bg8 48. Ke3 1-0

[Event "chess.com Speed 2020"]
[Site "chess.com INT"]
[Date "2020.11.16"]
[Round "1.15"]
[White "Nepomniachtchi, Ian"]
[Black "Aronian, Levon"]
[Result "1/2-1/2"]
[WhiteTitle "GM"]
[BlackTitle "GM"]
[WhiteElo "2784"]
[BlackElo "2781"]
[WhiteFideId "4168119"]
[BlackFideId "13300474"]
[EventDate "2020.11.01"]

1. b3 Nf6 2. Bb2 g6 3. e4 d6 4. Nc3 Bg7 5. d4 O-O 6. Qd2 e5 7. Nf3 Nc6 8. O-O-O
exd4 9. Nxd4 Nxd4 10. Qxd4 Re8 11. Qd3 b5 12. f3 b4 13. Nd5 Nxd5 14. Qxd5 Be6
15. Qa5 c5 16. Qxd8 Rexd8 17. Bc4 a5 18. Rd3 a4 19. Rhd1 axb3 20. axb3 Ra2 21.
Bxg7 Kxg7 22. Bd5 Kf6 23. Kb1 Ra6 24. c3 bxc3 25. Rxc3 Rb8 26. Kb2 Bxd5 27. Rxd5
Ke6 28. Rc2 Rba8 29. Kc3 f5 30. Rcd2 fxe4 31. fxe4 Rb8 32. e5 dxe5 33. Rxc5 Rab6
34. Rb2 Rb4 35. Rc4 Rxc4+ 36. Kxc4 Rc8+ 37. Kd3 Kd5 38. Ra2 e4+ 39. Kd2 Rb8 40.
Ra5+ Kd4 41. Ra4+ Kd5 42. Kc3 Rc8+ 43. Rc4 Rxc4+ 44. bxc4+ Kc5 45. g3 h6 46. h3
e3 47. Kd3 e2 48. Kxe2 Kxc4 49. Ke3 Kd5 50. Kf4 Ke6 51. h4 h5 52. g4 hxg4 53.
Kxg4 Kf6 54. h5 gxh5+ 55. Kxh5 1/2-1/2

[Event "chess.com Speed 2020"]
[Site "chess.com INT"]
[Date "2020.11.16"]
[Round "1.16"]
[White "Aronian, Levon"]
[Black "Nepomniachtchi, Ian"]
[Result "1-0"]
[WhiteTitle "GM"]
[BlackTitle "GM"]
[WhiteElo "2781"]
[BlackElo "2784"]
[WhiteFideId "13300474"]
[BlackFideId "4168119"]
[EventDate "2020.11.01"]

1. e4 c5 2. Nf3 d6 3. c3 Nf6 4. Be2 g6 5. O-O Bg7 6. d3 O-O 7. Be3 c4 8. d4 Nxe4
9. Bxc4 d5 10. Bd3 Nc6 11. Nbd2 Bf5 12. Bxe4 dxe4 13. Ng5 e5 14. dxe5 Nxe5 15.
Ngxe4 Bxe4 16. Nxe4 Nc4 17. Bc5 Re8 18. Nd6 Nxd6 19. Bxd6 Qb6 20. Ba3 Rad8 21.
Qc2 Bh6 22. Rad1 Rxd1 23. Rxd1 Qe6 24. h3 Qxa2 25. Qa4 Ra8 26. Qe4 Qb3 27. Rd7
Rb8 28. Bd6 Qd1+ 29. Kh2 Bf8 30. Qf4 Qd5 31. Bxf8 1-0

[Event "chess.com Speed 2020"]
[Site "chess.com INT"]
[Date "2020.11.16"]
[Round "1.17"]
[White "Nepomniachtchi, Ian"]
[Black "Aronian, Levon"]
[Result "1-0"]
[WhiteTitle "GM"]
[BlackTitle "GM"]
[WhiteElo "2784"]
[BlackElo "2781"]
[WhiteFideId "4168119"]
[BlackFideId "13300474"]
[EventDate "2020.11.01"]

1. e4 e5 2. Nf3 Nc6 3. Bb5 Nf6 4. d3 Bc5 5. Nbd2 Nd4 6. Nxd4 Bxd4 7. c3 Bb6 8.
d4 c6 9. dxe5 cxb5 10. exf6 Qxf6 11. O-O O-O 12. Qh5 Qc6 13. Nf3 d6 14. Re1 f6
15. Be3 a6 16. Bxb6 Qxb6 17. Qd5+ Rf7 18. Rad1 Bg4 19. Qxd6 Qa5 20. Qd5 Bxf3 21.
gxf3 Re8 22. f4 g6 23. e5 Qb6 24. Rd4 fxe5 25. Rxe5 Rf8 26. Re7 Kg7 27. Qe5+ Qf6
28. Rdd7 Rxe7 29. Rxe7+ Kh6 30. Qc7 Rh8 31. h3 Qf5 32. Kh2 Qc2 33. Qc5 1-0

[Event "chess.com Speed 2020"]
[Site "chess.com INT"]
[Date "2020.11.16"]
[Round "1.18"]
[White "Aronian, Levon"]
[Black "Nepomniachtchi, Ian"]
[Result "1/2-1/2"]
[WhiteTitle "GM"]
[BlackTitle "GM"]
[WhiteElo "2781"]
[BlackElo "2784"]
[WhiteFideId "13300474"]
[BlackFideId "4168119"]
[EventDate "2020.11.01"]

1. e4 e6 2. d4 d5 3. Nc3 Bb4 4. e5 Ne7 5. a3 Bxc3+ 6. bxc3 c5 7. Qg4 cxd4 8.
Qxg7 Rg8 9. Qxh7 Qc7 10. Ne2 Nbc6 11. h4 dxc3 12. Qd3 Qxe5 13. Bf4 Qh8 14. Nxc3
e5 15. Bg3 Bf5 16. Qd2 O-O-O 17. Rb1 d4 18. Na4 Rd5 19. Bc4 Ra5 20. Nb2 Be4 21.
Bxf7 Bxg2 22. Nc4 Bxh1 23. Nxa5 b6 24. Nxc6 Nxc6 25. Bxg8 Qxg8 26. Qe2 Kb7 27.
Rb5 Qa2 28. f3 d3 29. cxd3 Qa1+ 30. Qd1 Qd4 31. Bf2 Qf4 32. Qd2 Qxf3 33. Qe3 Qf8
34. Rxe5 Nxe5 35. Qxe5 Qxa3 36. Ke2 Qa2+ 37. Ke3 Qb1 38. Bg3 Qc1+ 39. Ke2 Qc2+
40. Ke3 Qc1+ 41. Ke2 Bg2 42. h5 Bf1+ 43. Kf2 Bh3 44. Qd5+ Qc6 45. Qxc6+ Kxc6 46.
Ke3 Bf5 47. Kd4 a5 48. Be1 Bh7 49. h6 Kb5 50. Kc3 Kc5 51. Bf2+ Kc6 52. Bxb6 Kxb6
53. d4 Kc6 54. d5+ Kxd5 55. Kb2 Ke6 1/2-1/2

[Event "chess.com Speed 2020"]
[Site "chess.com INT"]
[Date "2020.11.16"]
[Round "1.21"]
[White "Nepomniachtchi, Ian"]
[Black "Aronian, Levon"]
[Result "0-1"]
[WhiteTitle "GM"]
[BlackTitle "GM"]
[WhiteElo "2784"]
[BlackElo "2781"]
[WhiteFideId "4168119"]
[BlackFideId "13300474"]
[EventDate "2020.11.01"]

1. e4 e5 2. Nf3 Nc6 3. Bb5 Nf6 4. d3 Bc5 5. c3 d5 6. exd5 Qxd5 7. Bc4 Qd6 8. b4
Bb6 9. a4 O-O 10. Nbd2 Bf5 11. Ba3 e4 12. dxe4 Nxe4 13. Nxe4 Bxe4 14. Qxd6 cxd6
15. O-O-O Rac8 16. Bd5 Bxd5 17. Rxd5 Ne5 18. Kc2 Nc4 19. Bc1 Bxf2 20. Kb3 Rfe8
21. Rf1 Be3 22. Re1 Re6 23. Bxe3 Nxe3 24. Rd3 Nc4 25. a5 Rxe1 26. Nxe1 Kf8 27.
Nf3 Ke7 28. Nd4 g6 29. Nb5 a6 30. Nd4 h5 31. Ne2 Ne5 32. Rd4 Kd7 33. Nf4 Kc6 34.
Nd5 Re8 35. h3 f5 36. c4 g5 37. Nc3 g4 38. b5+ Kd7 39. Nd5 gxh3 40. gxh3 Rh8 41.
Nf4 Kc7 42. Ne6+ Kd7 43. Nc5+ Kc7 44. b6+ Kc6 45. Ne6 Rg8 46. Kb4 Rg3 47. Nd8+
Kd7 48. Nxb7 Nc6+ 49. Ka4 Nxd4 50. c5 dxc5 51. Nxc5+ Kc6 52. Nxa6 Rxh3 53. Nb4+
Kb7 54. Nd5 Rh4 55. Nf6 Nc6+ 56. Kb5 Rb4+ 57. Kc5 Ra4 58. Nd7 Rxa5+ 59. Kd6 h4 0-1

[Event "chess.com Speed 2020"]
[Site "chess.com INT"]
[Date "2020.11.16"]
[Round "1.22"]
[White "Aronian, Levon"]
[Black "Nepomniachtchi, Ian"]
[Result "0-1"]
[WhiteTitle "GM"]
[BlackTitle "GM"]
[WhiteElo "2781"]
[BlackElo "2784"]
[WhiteFideId "13300474"]
[BlackFideId "4168119"]
[EventDate "2020.11.01"]

1. e4 e6 2. d4 d5 3. Nc3 Bb4 4. e5 c5 5. a3 Bxc3+ 6. bxc3 Ne7 7. h4 Qc7 8. h5 h6
9. Nf3 b6 10. Rh4 Ba6 11. Bxa6 Nxa6 12. Qd3 Nb8 13. Rg4 Nf5 14. Nh4 Nxh4 15.
Rxh4 Nc6 16. Rg4 Kf8 17. Qg3 Ne7 18. a4 Nf5 19. Qd3 Rc8 20. Kd1 cxd4 21. cxd4
Qc4 22. Rf4 Ke8 23. Ba3 Rc7 24. g4 Ne7 25. Bd6 Rc8 26. Kd2 Rg8 27. Bxe7 Qxd3+
28. Kxd3 Kxe7 29. Rf3 Rc4 30. c3 f6 31. exf6+ gxf6 32. Rg3 e5 33. f3 Rgc8 34.
Ra3 exd4 35. cxd4 Rb4 36. Rg2 Rcc4 37. Re2+ Kf7 38. a5 b5 39. a6 Rxd4+ 40. Ke3
f5 41. gxf5 Rh4 42. Rg2 d4+ 43. Kd3 Rf4 44. Ke2 Rb2+ 0-1

[Event "chess.com Speed 2020"]
[Site "chess.com INT"]
[Date "2020.11.16"]
[Round "1.24"]
[White "Aronian, Levon"]
[Black "Nepomniachtchi, Ian"]
[Result "1-0"]
[WhiteTitle "GM"]
[BlackTitle "GM"]
[WhiteElo "2781"]
[BlackElo "2784"]
[WhiteFideId "13300474"]
[BlackFideId "4168119"]
[EventDate "2020.11.01"]

1. e4 e6 2. d4 d5 3. Nc3 Bb4 4. Bd3 c5 5. exd5 Qxd5 6. Bd2 Bxc3 7. Bxc3 Qxg2 8.
Qf3 Qxf3 9. Nxf3 cxd4 10. Nxd4 Nf6 11. Nb5 Na6 12. Rg1 Ke7 13. Rxg7 Bd7 14. Nd6
Nd5 15. Nxf7 Rhg8 16. Nh6+ Rxg7 17. Bxg7 Nab4 18. Bxh7 Nf6 19. a3 Nbd5 20. Bd3
Nf4 21. O-O-O Rc8 22. Bxf6+ Kxf6 23. Ng4+ Ke7 24. Ne5 Be8 25. Be4 b6 26. Nd3 Nh3
27. Bg2 Ng5 28. h4 Nf7 29. Re1 Nd6 30. Bd5 Ba4 31. Rxe6+ Kd7 32. Ne5+ Kc7 33. h5
Rf8 34. f3 1-0

[Event "chess.com Speed 2020"]
[Site "chess.com INT"]
[Date "2020.11.16"]
[Round "1.26"]
[White "Aronian, Levon"]
[Black "Nepomniachtchi, Ian"]
[Result "1/2-1/2"]
[WhiteTitle "GM"]
[BlackTitle "GM"]
[WhiteElo "2781"]
[BlackElo "2784"]
[WhiteFideId "13300474"]
[BlackFideId "4168119"]
[EventDate "2020.11.01"]

1. e4 e6 2. d4 d5 3. Nc3 Bb4 4. Bd3 dxe4 5. Bxe4 Nf6 6. Bf3 Nc6 7. Ne2 e5 8.
Bxc6+ bxc6 9. O-O Ba6 10. dxe5 Nd5 11. Nxd5 Qxd5 12. c3 Qxd1 13. Rxd1 Bxe2 14.
Rd2 Bxc3 15. Rxe2 Bd4 16. Be3 O-O-O 17. Bxd4 Rxd4 18. f3 Re8 19. Kf2 g5 20. Rc1
Re6 21. g3 h5 22. Rc3 h4 23. Ra3 Kb7 24. Rb3+ Kc8 25. Ra3 Kb7 26. Rb3+ Kc8 27.
Ra3 1/2-1/2

[Event "chess.com Speed 2020"]
[Site "chess.com INT"]
[Date "2020.11.16"]
[Round "1.27"]
[White "Nepomniachtchi, Ian"]
[Black "Aronian, Levon"]
[Result "1-0"]
[WhiteTitle "GM"]
[BlackTitle "GM"]
[WhiteElo "2784"]
[BlackElo "2781"]
[WhiteFideId "4168119"]
[BlackFideId "13300474"]
[EventDate "2020.11.01"]

1. b3 d5 2. Bb2 Bf5 3. d3 e6 4. Nd2 Nf6 5. g3 Be7 6. Bg2 O-O 7. Nh3 h6 8. a3 a5
9. e3 c5 10. Nf4 a4 11. e4 Bh7 12. exd5 exd5 13. O-O Nc6 14. Re1 axb3 15. Nxb3
d4 16. a4 Bd6 17. Ba3 Nd7 18. Bc1 Ra6 19. Bd2 Nde5 20. a5 c4 21. dxc4 Nxc4 22.
Nd3 Bxd3 23. cxd3 Nxd2 24. Nxd2 Rxa5 25. Nc4 Rxa1 26. Qxa1 b5 27. Bxc6 bxc4 28.
dxc4 d3 29. Rd1 Qb6 30. Bd5 Qb3 31. Be4 Qxc4 32. Bxd3 Qc5 33. Be4 Be5 34. Qa2
Bf6 35. Rd7 Qb5 36. Qd2 g6 37. Kg2 Kg7 38. Rb7 Qe5 39. Bd5 Qd6 40. Qa2 Be5 41.
Bxf7 Kh8 42. Bd5 Qf6 43. Be4 Bd4 44. f4 g5 45. Rh7# 1-0

[Event "chess.com Speed 2020"]
[Site "chess.com INT"]
[Date "2020.11.16"]
[Round "1.28"]
[White "Aronian, Levon"]
[Black "Nepomniachtchi, Ian"]
[Result "0-1"]
[WhiteTitle "GM"]
[BlackTitle "GM"]
[WhiteElo "2781"]
[BlackElo "2784"]
[WhiteFideId "13300474"]
[BlackFideId "4168119"]
[EventDate "2020.11.01"]

1. e4 c5 2. Nf3 d6 3. c3 Nf6 4. Be2 g6 5. O-O Bg7 6. d3 O-O 7. Be3 Nc6 8. Nbd2
e5 9. a3 h6 10. h3 Be6 11. b4 cxb4 12. axb4 a6 13. Qb1 d5 14. b5 axb5 15. Qxb5
dxe4 16. dxe4 Qc7 17. Rxa8 Rxa8 18. Rb1 Rb8 19. Bc4 Qd7 20. Bxe6 Qxe6 21. Qa4
Ne8 22. Nc4 Nd6 23. Nxd6 Qxd6 24. Qc4 Bf8 25. h4 Be7 26. h5 gxh5 27. Qd5 Qf6 28.
Qd7 Rd8 29. Qh3 Qg6 30. Rxb7 Bg5 31. Nxg5 hxg5 32. Qf5 Qxf5 33. exf5 f6 34. Rc7
Rd1+ 35. Kh2 Nd8 36. c4 Nf7 37. c5 Nh6 38. c6 Ng4+ 39. Kg3 Nxe3 40. fxe3 Rc1 41.
Kf3 Rc4 42. Rc8+ Kg7 43. Rc7+ Kh6 44. Rc8 g4+ 45. Ke2 Kg5 46. Kd3 Rc5 47. Ke4
Kh4 0-1

[Event "chess.com Speed 2020"]
[Site "chess.com INT"]
[Date "2020.11.16"]
[Round "1.29"]
[White "Nepomniachtchi, Ian"]
[Black "Aronian, Levon"]
[Result "0-1"]
[WhiteTitle "GM"]
[BlackTitle "GM"]
[WhiteElo "2784"]
[BlackElo "2781"]
[WhiteFideId "4168119"]
[BlackFideId "13300474"]
[EventDate "2020.11.01"]

1. c4 Nf6 2. Nf3 e6 3. Nc3 d5 4. e3 c5 5. cxd5 exd5 6. Bb5+ Nc6 7. b3 Bd6 8. d4
cxd4 9. Qxd4 O-O 10. Bxc6 bxc6 11. O-O Bg4 12. Bb2 Bxf3 13. gxf3 Nd7 14. Ne2 Be5
15. Qd2 Qf6 16. Rab1 Qxf3 17. Ng3 Rfe8 18. Rfc1 Re6 19. Qd1 Qf6 20. Qe2 Qh4 21.
Qf3 Rae8 22. Qg2 Rg6 23. Kh1 h5 24. Rg1 Bxg3 25. fxg3 Qg4 26. Rbf1 Rxe3 27. Rf4
Qe6 28. Bd4 Re2 29. Qf3 Rxa2 30. Rf1 Qh3 31. Rf2 Rxf2 32. Qxf2 Rg4 33. Rf3 Re4
34. g4 Qxg4 35. Bc3 Qe6 36. Rg3 Rg4 37. Re3 Re4 38. Rg3 Ne5 39. Qxa7 d4 40. Bd2
Qd5 41. Qb8+ Kh7 42. Kg1 Rg4 43. Be1 Nf3+ 44. Kf2 Nxe1 45. Rxg4 Nd3+ 46. Ke2
Nc1+ 47. Kd2 Nxb3+ 0-1

[Event "chess.com Speed 2020"]
[Site "chess.com INT"]
[Date "2020.11.16"]
[Round "1.33"]
[White "Aronian, Levon"]
[Black "Nepomniachtchi, Ian"]
[Result "1-0"]
[WhiteTitle "GM"]
[BlackTitle "GM"]
[WhiteElo "2781"]
[BlackElo "2784"]
[WhiteFideId "13300474"]
[BlackFideId "4168119"]
[EventDate "2020.11.01"]

1. e4 c5 2. Nf3 d6 3. c3 Nf6 4. Be2 g6 5. O-O Bg7 6. d3 O-O 7. Be3 Nc6 8. Nbd2
e5 9. a3 Ne8 10. b4 f5 11. exf5 gxf5 12. Bg5 Nf6 13. bxc5 dxc5 14. Re1 Qc7 15.
Bf1 Bd7 16. Nc4 Rae8 17. g3 Nd5 18. Qc2 h6 19. Bd2 f4 20. Bg2 b5 21. Nfxe5 f3
22. Bxf3 Rxf3 23. Nxf3 bxc4 24. dxc4 Nf6 25. Bf4 Qc8 26. Rxe8+ Qxe8 27. Re1 Qf7
28. Ne5 Nxe5 29. Bxe5 Bc6 30. Qf5 Bd7 31. Qf4 Qg6 32. Bxf6 Bxf6 33. Qb8+ Kf7 34.
Qxa7 Qf5 35. Rd1 Ke7 36. Qc7 Bxc3 37. Qd6+ Kd8 38. Qb8+ Ke7 39. Qd6+ Ke8 40.
Qb8+ Kf7 41. Qf4 Qxf4 42. gxf4 Bd4 43. Kg2 Be6 44. Rc1 Bb2 45. Rc2 Bxa3 46. Kf3
Kf6 47. Ke3 Bb4 48. Rc1 Ba5 49. Kd3 Bf5+ 50. Ke3 Be6 51. Kd3 Bc7 52. Ke4 Bf5+
53. Kd5 Bxf4 54. Rh1 h5 55. h4 Bg4 56. Kxc5 Bf3 57. Rh3 Bg2 58. Rd3 Kf5 59. Kb6
Bf1 60. Rd5+ Kg4 61. c5 Bg2 62. Rd4 Kf5 63. c6 Be5 64. Rd8 Kg4 65. Rg8+ Kh3 66.
c7 Bxc7+ 67. Kxc7 Bf1 68. f4 Bd3 69. Kd6 Kxh4 70. Ke5 Kh3 71. f5 h4 72. f6 Bc4
73. Rc8 Ba2 74. Kf4 Be6 75. Rc6 Bg8 76. Rc7 Kh2 77. f7 Bxf7 78. Rxf7 h3 79. Rg7
Kh1 80. Kg3 h2 81. Ra7 Kg1 82. Ra1# 1-0

[Event "chess.com Speed 2020"]
[Site "chess.com INT"]
[Date "2020.11.16"]
[Round "1.34"]
[White "Nepomniachtchi, Ian"]
[Black "Aronian, Levon"]
[Result "0-1"]
[WhiteTitle "GM"]
[BlackTitle "GM"]
[WhiteElo "2784"]
[BlackElo "2781"]
[WhiteFideId "4168119"]
[BlackFideId "13300474"]
[EventDate "2020.11.01"]

1. b3 d5 2. Bb2 Bf5 3. d3 e6 4. Nd2 Nf6 5. g3 Be7 6. Bg2 O-O 7. e4 dxe4 8. dxe4
Bg4 9. Ne2 Bb4 10. c3 Be7 11. h3 Bh5 12. g4 Bg6 13. O-O e5 14. Ng3 Re8 15. Nf5
Bf8 16. Qe2 Nc6 17. Rad1 Qc8 18. Nc4 a5 19. Nce3 a4 20. h4 h6 21. b4 a3 22. Bc1
Nd8 23. Qf3 Ne6 24. Nxh6+ gxh6 25. Qxf6 Nf4 26. h5 Be7 27. Qxe5 Bg5 28. Qb5 c6
29. Qc5 Bxe4 30. Bxe4 Rxe4 31. Rfe1 Ne6 32. Qf5 Rf4 33. Qc2 Ng7 34. Qe2 Qe6 35.
Rd4 Rxd4 36. cxd4 f5 37. gxf5 Nxf5 38. Nxf5 Qxf5 39. Bxg5 Qxg5+ 40. Kf1 Rf8 41.
Qe6+ Rf7 42. Re3 Kf8 43. Qe8+ Kg7 44. Qe4 Qf6 45. Rg3+ Kf8 46. Qd3 Qf4 47. Qe2
Qxd4 48. Kg1 Qa1+ 49. Kg2 Qb2 50. Qe3 Qxa2 51. Qc5+ Ke8 52. Rg8+ Kd7 53. Qd4+
Qd5+ 54. Qxd5+ cxd5 55. Ra8 Rf5 56. Rxa3 Rxh5 57. Ra7 Rg5+ 58. Kf3 Kc6 59. Ke3
h5 60. f4 Rf5 61. Ra8 Kb5 62. Rb8 Rf7 63. Kd4 Rxf4+ 64. Kxd5 b6 65. Ke5 Rxb4 66.
Rh8 h4 67. Rh5 Ka4 68. Kd5 b5 69. Kc5 Rc4+ 70. Kd5 Kb3 71. Rf5 b4 72. Rf3+ Rc3
73. Rf4 h3 74. Kd4 Ka3 75. Rf1 h2 76. Ra1+ Kb2 77. Rh1 Rc2 78. Kd3 b3 79. Rf1
Ka2 80. Rh1 0-1

[Event "chess.com Speed 2020"]
[Site "chess.com INT"]
[Date "2020.11.16"]
[Round "1.35"]
[White "Aronian, Levon"]
[Black "Nepomniachtchi, Ian"]
[Result "1-0"]
[WhiteTitle "GM"]
[BlackTitle "GM"]
[WhiteElo "2781"]
[BlackElo "2784"]
[WhiteFideId "13300474"]
[BlackFideId "4168119"]
[EventDate "2020.11.01"]

1. e4 e6 2. d4 d5 3. Nc3 Bb4 4. Bd3 Ne7 5. Ne2 c5 6. exd5 exd5 7. dxc5 Nbc6 8.
O-O Bxc5 9. Bg5 h6 10. Bh4 Bg4 11. Qd2 O-O 12. h3 Bh5 13. Nf4 Bg6 14. Bxg6 fxg6
15. Nxg6 Rf7 16. Bxe7 Nxe7 17. Nxe7+ Rxe7 18. Nxd5 Re5 19. c4 Qh4 20. Rae1 Rxe1
21. Rxe1 Rf8 22. Ne3 Kh8 23. Re2 Qf4 24. b3 Qe4 25. Qc2 Qe5 26. g3 Qf6 27. Qe4
Qf7 28. Kg2 Re8 29. Qf3 Qe7 30. Rd2 Rf8 31. Qe2 Qe4+ 32. Kh2 Re8 33. Qd3 Qe6 34.
Ng2 Qf7 35. Nf4 g5 36. Nd5 Bxf2 37. Qc3+ Kh7 38. Nf6+ Kg6 39. Rxf2 Re6 40. Qd3+
Kg7 41. Qh7+ Kf8 42. Nd7+ 1-0

[Event "chess.com Speed 2020"]
[Site "chess.com INT"]
[Date "2020.11.16"]
[Round "1.36"]
[White "Nepomniachtchi, Ian"]
[Black "Aronian, Levon"]
[Result "1-0"]
[WhiteTitle "GM"]
[BlackTitle "GM"]
[WhiteElo "2784"]
[BlackElo "2781"]
[WhiteFideId "4168119"]
[BlackFideId "13300474"]
[EventDate "2020.11.01"]

1. e4 e5 2. d4 exd4 3. Qxd4 Nc6 4. Qe3 Nf6 5. Nc3 Bb4 6. Bd2 O-O 7. O-O-O Re8 8.
Qf4 Bxc3 9. Bxc3 Rxe4 10. Qg3 d5 11. f3 Re6 12. a3 Rd6 13. Bb5 d4 14. Bd2 Rd5
15. Bxc6 bxc6 16. Ne2 c5 17. Bg5 Ba6 18. Nf4 Rf5 19. h4 Qd6 20. Rhe1 h6 21. Bxh6
Nh5 22. Nxh5 Qxh6+ 23. Kb1 Rxh5 24. Qxc7 Qb6 25. Qd7 Bb5 26. Qg4 Qg6 27. Qf4 Ba4
28. Rd2 Qf6 29. Qc7 Rxh4 30. Rde2 d3 31. cxd3 Bb5 32. Re3 Rd4 33. Qxc5 Bxd3+ 34.
Ka1 Bg6 35. g4 Rd2 36. Qb4 Rad8 37. Re8+ Kh7 38. Rh1+ Bh5 39. Rxh5+ Kg6 40. Qe4+ 1-0

[Event "chess.com Speed 2020"]
[Site "chess.com INT"]
[Date "2020.11.16"]
[Round "1.38"]
[White "Nepomniachtchi, Ian"]
[Black "Aronian, Levon"]
[Result "0-1"]
[WhiteTitle "GM"]
[BlackTitle "GM"]
[WhiteElo "2784"]
[BlackElo "2781"]
[WhiteFideId "4168119"]
[BlackFideId "13300474"]
[EventDate "2020.11.01"]

1. e4 e5 2. Nf3 Nc6 3. d4 exd4 4. Nxd4 Nf6 5. Nxc6 bxc6 6. e5 Qe7 7. Qe2 Nd5 8.
h4 f6 9. c4 Ba6 10. Rh3 fxe5 11. Bg5 Nf6 12. Re3 d6 13. Qf3 Qd7 14. Nc3 Be7 15.
Bd3 O-O 16. Bf5 Qe8 17. Be6+ Kh8 18. Qh3 Bc8 19. O-O-O Bxe6 20. Qxe6 h6 21. f4
exf4 22. Re2 Bd8 23. Qf5 Qd7 24. Qd3 Nh7 25. Ne4 Qf5 26. Rf1 hxg5 27. hxg5 Bxg5
28. Rh1 Bh6 29. Qc3 f3+ 30. Rxh6 fxe2 0-1

[Event "chess.com Speed 2020"]
[Site "chess.com INT"]
[Date "2020.11.16"]
[Round "1.14"]
[White "Caruana, Fabiano"]
[Black "Duda, Jan-Krzysztof"]
[Result "0-1"]
[WhiteTitle "GM"]
[BlackTitle "GM"]
[WhiteElo "2823"]
[BlackElo "2743"]
[WhiteFideId "2020009"]
[BlackFideId "1170546"]
[EventDate "2020.11.01"]

1. e4 c5 2. Nf3 d6 3. d4 cxd4 4. Nxd4 Nf6 5. Nc3 a6 6. h4 e5 7. Nb3 Be7 8. Bg5
Be6 9. Bxf6 Bxf6 10. g3 Qd7 11. Qd2 Nc6 12. O-O-O Rd8 13. Nd5 O-O 14. Nxf6+ gxf6
15. Qh6 Qe7 16. f4 Kh8 17. f5 Bxb3 18. axb3 Rg8 19. Rg1 Rg4 20. Qe3 Nd4 21. Kb1
Qc7 22. Bd3 a5 23. Rg2 Rdg8 24. Bc4 b5 25. Bd5 a4 26. Rc1 axb3 27. cxb3 Qe7 28.
b4 Kg7 29. Qc3 Rd8 30. Qc7 Rd7 31. Qc8 Ra7 32. Qb8 Kh6 33. Rc8 Kh5 34. Rg8 Qc7
35. Qxc7 Rxc7 36. Rh8 Rg7 37. g4+ Kxh4 38. Rh2+ Kg3 39. R8xh7 Rxh7 40. Rxh7 Kxg4
41. Rxf7 Rxf7 42. Bxf7 Kf4 43. Bd5 Ke3 44. Kc1 Ke2 45. Ba8 Kd3 46. Bd5 Ne2+ 47.
Kd1 Nf4 48. Bc6 Kc4 49. Kd2 Kxb4 50. Ke3 Kc5 51. Be8 Kc4 52. Bf7+ Kb4 53. Be8
Kc5 54. Bf7 d5 55. exd5 Nxd5+ 56. Ke4 Nb6 57. Be8 Nc4 58. Kf3 Nxb2 59. Kg4 Nc4
60. Kh5 Nd6 61. Bd7 b4 62. Be6 Kd4 63. Kg6 Ne4 64. Kg7 Ke3 65. Bd5 Kf4 66. Bxe4
Kxe4 67. Kxf6 b3 68. Ke6 b2 69. f6 b1=Q 0-1

[Event "chess.com Speed 2020"]
[Site "chess.com INT"]
[Date "2020.11.16"]
[Round "1.21"]
[White "Caruana, Fabiano"]
[Black "Duda, Jan-Krzysztof"]
[Result "1-0"]
[WhiteTitle "GM"]
[BlackTitle "GM"]
[WhiteElo "2823"]
[BlackElo "2743"]
[WhiteFideId "2020009"]
[BlackFideId "1170546"]
[EventDate "2020.11.01"]

1. e4 c5 2. Nf3 d6 3. d4 cxd4 4. Nxd4 Nf6 5. Nc3 a6 6. h4 e5 7. Nb3 Be6 8. f4
exf4 9. Bxf4 Nc6 10. Qd2 d5 11. O-O-O Bb4 12. Bg5 Nxe4 13. Qe3 Nxg5 14. Nxd5 Bd6
15. hxg5 Ne7 16. Bc4 b5 17. Nxe7 Qxe7 18. Bxe6 fxe6 19. Kb1 Rd8 20. Na5 Rc8 21.
Qe4 e5 22. g6 h6 23. Rhf1 Rf8 24. Rxf8+ Qxf8 25. Qg4 Rc7 26. Qe6+ 1-0